International relations : (Record no. 178617)
[ view plain ]
| 000 -LEADER | |
|---|---|
| fixed length control field | 00852 a2200169 4500 |
| 003 - CONTROL NUMBER IDENTIFIER | |
| control field | NUST |
| 005 - DATE AND TIME OF LATEST TRANSACTION | |
| control field | 20221215174131.0 |
| 040 ## - CATALOGING SOURCE | |
| Transcribing agency | Nust |
| 082 ## - DEWEY DECIMAL CLASSIFICATION NUMBER | |
| Classification number | 327,PAL |
| 100 ## - MAIN ENTRY--PERSONAL NAME | |
| Personal name | Palmer,Norman .D |
| 9 (RLIN) | 105022 |
| 245 ## - TITLE STATEMENT | |
| Title | International relations : |
| Remainder of title | The World Community in Transition / |
| Statement of responsibility, etc. | Norman D.palmer and Howard C perkins |
| 260 ## - PUBLICATION, DISTRIBUTION, ETC. | |
| Place of publication, distribution, etc. | Rawalpindi |
| Name of publisher, distributor, etc. | National book Foundation |
| 300 ## - PHYSICAL DESCRIPTION | |
| Extent | 818, p .: |
| 505 ## - FORMATTED CONTENTS NOTE | |
| Formatted contents note | Part-1:The Pattern of International Life (Page-1), Part-2: Instrument for Promotion of the National Interest (Page-83), Part-3: The Controls of Interstate Relations(Page-211), Part-4: Conflict and Change in the Postwar World (Page-396), Part-5: Formulation of the National Interest (Page-600), Part-6: The Future of the World Community in the Nuclear and Space Age (Page-738). |
| 650 ## - SUBJECT ADDED ENTRY--TOPICAL TERM | |
| Topical term or geographic name entry element | International Relations |
| 942 ## - ADDED ENTRY ELEMENTS (KOHA) | |
| Source of classification or shelving scheme | |
| Koha item type | Book |
| Call number prefix | 327,PAL |
| Withdrawn status | Lost status | Source of classification or shelving scheme | Damaged status | Not for loan | Permanent Location | Current Location | Shelving location | Date acquired | Full call number | Barcode | Date last seen | Price effective from | Koha item type | Public note |
|---|---|---|---|---|---|---|---|---|---|---|---|---|---|---|
| Military College of Signals (MCS) | Military College of Signals (MCS) | General Stacks | 12/12/2016 | 327,PAL | MCS34365 | 12/08/2016 | 12/12/2016 | Book | Almirah No.49, Shelf No.6 | |||||
| Military College of Signals (MCS) | Military College of Signals (MCS) | General Stacks | 12/12/2016 | 327,PAL | MCS34366 | 12/08/2016 | 12/12/2016 | Book | Almirah No.73, Shelf No.5 |
